Sedi del Campionato mondiale di Formula 1 2023 - Statistics

Statistiche generali
  • Questo quiz è stato fatto 7 volte
  • Il punteggio medio è 8 su 22
Statistiche sulle risposte
Data Sede % Corretto
2 aprile Melbourne
86%
3 settembre Monza
86%
18 novembre Las Vegas
57%
7 maggio Miami
57%
28 maggio Monaco
57%
9 luglio Silverstone
57%
17 settembre Singapore
57%
26 novembre Abu Dhabi
43%
5 novembre San Paolo
43%
24 settembre Suzuka
43%
22 ottobre Austin
29%
30 aprile Baku
29%
8 ottobre Doha
29%
4 giugno Montmeló
29%
18 giugno Montréal
29%
27 agosto Zandvoort
29%
29 ottobre Città del Messico
14%
19 marzo Gedda
14%
2 luglio Spielberg
14%
5 marzo Manama
0%
23 luglio Mogyoród
0%
30 luglio Stavelot
0%
Nessun quiz corrispondente trovato
Distribuzione punteggi
Percentuale di utenti per punteggio
Percentile per numero di risposta
I tuoi punteggi nel tempo
Non hai fatto questo quiz